Club de football évoluant au plus haut niveau national par département - Statistiques

Statistiques générales
  • Ce quiz a été pris 34 fois
  • Le résultat moyen est 17 sur 75
Statistiques - réponses
Département (Niveau) Club % Correct
Bouches-du-Rhône (L1) Olympique de Marseille
76%
Rhône (L1) Olympique Lyonnais
76%
Paris (L1) Paris Saint-Germain Football Club
71%
Alpes-Maritimes (L1) Olympique Gymnaste Club de Nice
62%
Nord (L1) Lille Olympique Sporting Club
56%
Loire-Atlantique (L1) Football Club de Nantes
50%
Gironde (L2) Football Club des Girondins de Bordeaux
50%
Pas-de-Calais (L1) Racing Club de Lens
50%
Moselle (L1) Football Club de Metz
47%
Aube (L2) Espérance Sportive Troyes Aube Champagne
44%
Hérault (L1) Montpellier Hérault Sporting Club
44%
Finistère (L1) Stade Brestois 29
44%
Bas-Rhin (L1) Racing Club Strasbourg Alsace
41%
Calvados (L2) Stade Malherbe de Caen
41%
Ille-et-Vilaine (L1) Stade Rennais Football Club
41%
Loire (L2) Association Sportive de Saint-Étienne
38%
Hors départements (L1) Association Sportive Monaco Football Club
38%
Meurthe-et-Moselle (N1) Association Sportive Nancy-Lorraine
38%
Haute-Garonne (L1) Toulouse Football Club
38%
Morbihan (L1) Football Club de Lorient
35%
Haute-Corse (L2) Sporting Club de Bastia
35%
Corse-du-Sud (L2) Athletic Club Ajaccien
32%
Puy-de-Dôme (L1) Clermont Foot 63
32%
Pyrénées-Atlantiques (L2) Pau Football Club
32%
Marne (L1) Stade de Reims
32%
Yonne (L2) Association de la Jeunesse Auxerroise
29%
Maine-et-Loire (L2) Angers Sporting Club de l'Ouest
26%
Côte-d'Or (N1) Dijon Football Côte-d'Or
26%
Côtes-d'Armor (L2) En Avant de Guingamp
26%
Doubs (N1) Football Club Sochaux-Montbéliard
26%
Seine-Maritime (L1) Le Havre Athetic Club
26%
Gard (N1) Nîmes Olympique
26%
Mayenne (L2) Stade Lavallois Mayenne Football Club
26%
Haute-Savoie (L2) Football Club d'Annecy
24%
Somme (L2) Amiens Sporting Club
21%
Deux-Sèvres (N1) Chamois Niortais
21%
Ain (N2) Football Bourg-en-Bresse Péronnas 01
21%
Isère (L2) Grenoble Foot 38
21%
Aveyron (L2) Rodez Aveyron Football
21%
Loiret (N1) Union Sportive Orléans Loiret Football
21%
Sarthe (N1) Le Mans Football Club
18%
Jura (N2) Jura Sud Foot
15%
Indre (N1) La Berrichonne de Châteauroux
15%
Aisne (N2) Olympique Saint-Quentin
15%
Seine-Saint-Denis (N1) Red Star Football Club
15%
Yvelines (N1) Football Club Versailles 78
12%
Pyrénées-Orientales (N3) Canet-en-Roussillon Football Club / FC Albères Argelès / Union Saint-Estève Perpignan Méditerranée Métropole
9%
Haute-Loire (N2) Le Puy Football 43 Auvergne
9%
Vosges (N1) Stade Athlétique Spinalien
9%
Vienne (N3) Stade Poitevin Football Club / Stade Olympique Châtelleraudais / Union Sportive Chauvinoise
9%
Vendée (N2) Vendée Les Herbiers Football / La Roche-sur-Yon Vendée Football
9%
Val-d'Oise (N3) Entente Sannois-Saint-Gratien / Association Sportive Saint-Ouen-l'Aumône
6%
Var (N2) Étoile Football Club Fréjus Saint-Raphaël / Sporting Club de Toulon / Hyères Football Club
6%
Loir-et-Cher (N2) Sologne Olympique Romorantin / Blois Football 41
6%
Val-de-Marne (N2) Union Sportive Créteil-Lusitanos
6%
Manche (N1) Union Sportive d'Avranches Mont-Saint-Michel
6%
Territoire de Belfort (N3) Association Sportive Municipale Belfort Football Club
3%
Dordogne (N2) Bergerac Périgord Football Club / Trélissac-Antonne Périgord Football Club
3%
Cher (N2) Bourges Foot 18
3%
Oise (N2) Football Club Chambly Oise / Association Sportive Beauvais Oise
3%
Haute-Saône (N3) Football Club de Vesoul
3%
Essonne (N2) Football Club Fleury 91
3%
Drôme (N3) Olympique de Valence
3%
Haut-Rhin (N2) Sports Réunis Colmar / Association Sportive et Culturelle Biesheim
3%
Charente (N2) Angoulême Charente Football Club
0%
Haute-Vienne (N3) Association Sportive Panazol Football
0%
Ardennes (N3) Association Sportive Prix-lès-Mézières
0%
Indre-et-Loire (N3) Avoine Olympique Chinon Cinais
0%
Savoie (N3) Chambéry Savoie Football
0%
Allier (N3) Moulins-Yzeure Foot 03
0%
Hauts-de-Seine (N2) Racing Club de France Football
0%
Landes (N3) Saint Paul Sport
0%
Nièvre (N3) Union Cosnoise Sportive Football
0%
Saône-et-Loire (N2) Union du Football Mâconnais
0%
Orne (N3) Union Sportive Alençonnaise / Football Club Flérien
0%
Aucun quiz correspondant
Distribution des résultats
% des personnes avec chaque résultat
Percentile par nombre de réponses
Votre historique - résultats
Vous n’avez pas pris ce quiz